Raw materials: a study of American policy (Record no. 359652)

000 -LEADER
fixed length control field 00449cam a22001337a 4500
008 - FIXED-LENGTH DATA ELEMENTS--GENERAL INFORMATION
fixed length control field 180718b1958 xxu||||| |||| 00| 0 eng d
082 ## - DEWEY DECIMAL CLASSIFICATION NUMBER
Classification number Yx73 B475
100 ## - MAIN ENTRY--PERSONAL NAME
Personal name Bidwell, Percy W.
245 ## - TITLE STATEMENT
Title Raw materials: a study of American policy
Statement of responsibility, etc. by Percy W. Bidwell
260 ## - PUBLICATION, DISTRIBUTION, ETC.
Place of publication, distribution, etc. New York
Name of publisher, distributor, etc. Harper, for council on Foreign Relations
Date of publication, distribution, etc. 1958
300 ## - PHYSICAL DESCRIPTION
Extent 403p.
650 ## - SUBJECT ADDED ENTRY--TOPICAL TERM
Topical term or geographic name entry element Mines and mineral resources --United States
650 ## - SUBJECT ADDED ENTRY--TOPICAL TERM
Topical term or geographic name entry element Raw materials --United States
Holdings
Withdrawn status Lost status Damaged status Not for loan Permanent Location Current Location Date acquired Total Checkouts Full call number Barcode Checked out Date last seen Date last checked out Price effective from Koha item type
        Indian Institute of Public Administration Indian Institute of Public Administration 1994-02-11 1 Yx73 B475 18152 2023-03-13 2023-02-23 2023-02-23 2018-07-21 Book

Powered by Koha